Statistics for September Birthdays

Click here to take the quiz!

General Stats

  • This quiz has been taken 40 times
    (16 since last reset)
  • The average score is 21 of 30

Answer Stats

#HintPerson% Correct
18Seven-time Tour de France champion who was banned from cycling competitions by the ADA in 2012.Lance Armstrong
100%
4Member of the R&B girl group Destiny's Child and wife of rapper Jay-Z.Beyoncé Knowles
100%
5Flamboyant lead singer of the rock group Queen.Freddie Mercury
100%
14British singer known for a song where she refused to go to rehab.Amy Winehouse
100%
3Former star of TV Show "Two and a Half Men." Apparently he is his own drug.Charlie Sheen
92%
25Actor and rapper who had his breakthrough on the popular sitcom "The Fresh Prince of Bel-Air."Will Smith
92%
24Beloved puppeteer and creator of The Muppets and Sesame Street.Jim Henson
92%
23Rock singer from New Jersey who is sometimes simply known as The Boss.Bruce Springsteen
92%
13Author of "James and the Giant Peach," "Matilda," and "Charlie and the Chocolate Factory."Roald Dahl
92%
26Tennis star who has been ranked #1 in singles by the Women's Tennis Association.Serena Williams
83%
9Comedic actor who starred in "Billy Madison," "The Waterboy," "Happy Gilmore."Adam Sandler
83%
21Author of "Carrie," "The Shining," "Misery," "Stand By Me," and "The Dark Tower."Stephen King
83%
1Pop culture self-help guru who began his career on an Oprah Winfrey program.Dr. Phil McGraw
75%
22Lead singer of rock band The Blackhearts, well known for the song "I Love Rock 'N Roll."Joan Jett
75%
12African-American track star who won four gold medals at the 1936 Berlin Olympics.Jesse Owens
75%
19Former member of Saturday Night Live and current host of NBC's The Tonight Show.Jimmy Fallon
67%
16Legendary guitarist, singer, and songwriter who is considered the King of the Blues.B.B. King
67%
17Country music star who released 11 #1 singles between 1948 and 1953.Hank Williams
67%
2This Canadian actor knows kung fu and had an excellent adventure with Alex Winter.Keanu Reeves
67%
8Independent Senator from Vermont and U.S. presidential candidate.Bernie Sanders
67%
7Ruler of England from 1558 to 1603.Queen Elizabeth I
67%
30Author of short stories, novels, and plays, including "Breakfast at Tiffany's" and "In Cold Blood."Truman Capote
67%
20Author of the highly successful "A Song of Ice and Fire" fantasy series.George R.R. Martin
58%
15Thirteenth-century explorer who kept a detailed journal of his experiences in China.Marco Polo
58%
10Championship PGA golfer who gained a reputation for drinking a mixture of iced tea and lemonade.Arnold Palmer
58%
28Teacher and philosopher of the Spring and Autumn period of Chinese history.Confucius
42%
11Grammy Award-winning rapper who also appears in five of the Fast & Furious movies.Ludacris
33%
6Bass player, composer, vocalist, and frontman of the English rock band Pink Floyd.Roger Waters
25%
27Rapper who won four Grammy Awards in 2009 and is the founder of Young Money Entertainment.Lil Wayne
17%
29High-scoring NBA forward who became the youngest player in league history to win the NBA scoring title.Kevin Durant
17%

Score Distribution

Percentile by Number Answered

Percent of People with Each Score

Your Score History

You have not taken this quiz since the last reset